Esterification of palm oil /
Saved in:
| Main Author: | |
|---|---|
| Format: | Thesis Book |
| Language: | English |
| Published: |
1987.
|
| Subjects: | |
| Tags: |
Add Tag
No Tags, Be the first to tag this record!
|
| LEADER | 00876cam a2200253 a 4500 | ||
|---|---|---|---|
| 001 | u52624 | ||
| 003 | SIRSI | ||
| 008 | 871222s1987 my a bt 00 1 eng m | ||
| 035 | |a AAF-6583 | ||
| 040 | |a UMM | ||
| 090 | |a TP684 |b P3Choo | ||
| 091 | |a Microfiche 10230 | ||
| 100 | 1 | 0 | |a Choo, Yuen May. |
| 245 | 1 | 0 | |a Esterification of palm oil / |c by Choo Yuen May. |
| 260 | |c 1987. | ||
| 300 | |a xxiv, 325 leaves : |b ill. ; |c 30cm. | ||
| 500 | |a Also available on microfiche . Kuala Lumpur : Perpustakaan Universiti Malaya, 1995, 4 fiches : negative ; 11x15 cm. | ||
| 502 | |a Thesis (Ph.D.) -- Fakulti Sains, Universiti Malaya, 1987. | ||
| 504 | |a Bibliography: leaves 313-322. | ||
| 650 | 0 | |a Palm oil. | |
| 650 | 0 | |a Esterification. | |
| 948 | |a 16/03/1991 |b 22/07/2002 | ||
| 596 | |a 1 | ||
| 999 | |a FTP684 P3CHOO |w LC |c 1 |i A514458483 |d 18/8/2009 |e 18/8/2009 |l STACKS |m P01UTAMA |n 29 |r Y |s Y |t TESIS |u 19/2/1992 | ||
